[Event "Reunion op 17th"]
[Site "St Denis"]
[Date "2015.10.10"]
[Round "9"]
[White "Caminade, Hugo"]
[Black "Jouve, Marius"]
[Result "0-1"]
[WhiteElo "1247"]
[BlackElo "1430"]
[PlyCount "47"]
[EventDate "2015.10.10"]
[EventType "swiss"]
[EventRounds "9"]
[EventCountry "RUF"]
[SourceTitle "CBM 168 Extra"]
[Source "ChessBase"]
[SourceDate "2015.10.29"]
[SourceVersion "1"]
[SourceVersionDate "2015.10.29"]
[SourceQuality "1"]

1. d4 d5 2. g3 Nf6 3. Nf3 Nc6 4. c3 Bg4 5. Bg2 e6 6. b4 a6 7. a4 Be7 8. Nbd2 0-0 9. Ba3 Re8 10. Nb3 Bd6 11. Nc5 b6 12. Nb7 Qb8 13. Nxd6 cxd6 14. Qb3 Ne7 15. 0-0 Ne4 16. Rab1 Bxf3 17. Rb2 Bxg2 18. Kxg2 Rc8 19. Rc1 Nf5 20. f3 Nf6 21. b5 a5 22. c4 dxc4 23. Rxc4 Rxc4 24. Qxc4 0-1